[Event "AUTO-INT-419"]
[Site "http://www.queenalice.com/game.php?id=197983"]
[Date "2007.4.17"]
[Round "1"]
[White "J_Ricardo"]
[Black "ERNESTOFONSECA10"]
[Result "0-1"]
[WhiteElo "1462"]
[BlackElo "1820"]

1. e4 e6 2. d4 d5 3. e5 c5 4. Be3 Qb6 5. c3 Qxb2 6. Nd2 Qb6 7. dxc5 Bxc5 8. Rb1
Qc7 9. Bxc5 Qxc5 10. Rb3 Ne7 11. Be2 Ng6 12. h3 Nxe5 13. a4 b6 14. Qc2 Ba6 15.
Rb2 Bxe2 16. Nxe2 Nc4 17. Nxc4 Qxc4 18. O-O Nc6 19. Qd2 O-O 20. Ra2 Rac8 21. Nc1
Na5 22. Rb2 Qxc3 23. Qe2 Nc4 24. Rc2 Qb4 25. Na2 Qxa4 26. Nc3 Qd7 27. Ra2 Rc7
28. Nd1 a5 29. Nc3 Nd6 30. Rb2 Rfc8 31. Nd1 b5 32. Ne3 Nc4 33. Ra2 Nxe3 34. Qxe3
a4 35. Raa1 b4 36. Rfe1 b3 37. Qd4 Rc4 38. Qe3 Qb7 39. Qe5 Qb4 40. Qd6 Qxd6 41.
Kf1 a3 42. Rxa3 Qxa3 0-1

[Event "AUTO-OPEN-659"]
[Site "http://www.queenalice.com/game.php?id=210599"]
[Date "2007.5.14"]
[Round "1"]
[White "ERNESTOFONSECA10"]
[Black "Blackadder"]
[Result "0-1"]
[WhiteElo "1665"]
[BlackElo "2070"]

1. e4 c5 2. Nf3 Nc6 3. Bb5 g6 4. O-O Bg7 5. d3 d6 6. Re1 Bg4 7. c3 Nf6 8. Bxc6+
bxc6 9. h3 Bd7 10. e5 dxe5 0-1

[Event "AUTO-OPEN-659"]
[Site "http://www.queenalice.com/game.php?id=210612"]
[Date "2007.5.14"]
[Round "1"]
[White "RaviFarrell"]
[Black "ERNESTOFONSECA10"]
[Result "0-1"]
[WhiteElo "1304"]
[BlackElo "1787"]

1. e4 e6 2. d4 d5 3. Be3 dxe4 4. Nd2 Nf6 5. f3 exf3 6. Ngxf3 c6 7. Bd3 Nd5 8.
Qe2 Nxe3 9. Qxe3 Nd7 10. O-O Be7 11. Ne5 Nxe5 12. dxe5 Qb6 13. Qxb6 axb6 0-1

[Event "AUTO-OPEN-659"]
[Site "http://www.queenalice.com/game.php?id=210613"]
[Date "2007.5.14"]
[Round "1"]
[White "ERNESTOFONSECA10"]
[Black "RaviFarrell"]
[Result "1-0"]
[WhiteElo "1785"]
[BlackElo "1306"]

1. d4 Nf6 2. c4 e5 3. dxe5 Ng4 4. Bf4 Nc6 5. Nf3 Bc5 6. e3 Qe7 7. Nc3 Ngxe5 8.
Nxe5 Nxe5 9. Nd5 Qd6 10. Qh5 Bb4+ 11. Ke2 O-O 12. Qxe5 Qxe5 13. Bxe5 Ba5 14.
Bxc7 1-0

[Event "AUTO-BEG-64"]
[Site "http://www.queenalice.com/game.php?id=230297"]
[Date "2007.6.25"]
[Round "2"]
[White "mvson33"]
[Black "ERNESTOFONSECA10"]
[Result "0-1"]
[WhiteElo "1749"]
[BlackElo "1836"]

1. e4 e5 2. Nf3 Nc6 3. Bc4 Bc5 4. c3 Nf6 5. d4 exd4 6. cxd4 Bb4+ 7. Nc3 Nxe4 8.
O-O Bxc3 9. bxc3 d5 10. Re1 O-O 11. Bd3 Nxc3 12. Qc2 Ne4 13. Bxe4 dxe4 14. Qxe4
Nb4 15. Ba3 a5 16. Re2 Be6 17. h4 Bd5 18. Qg4 Re8 19. Rb2 Bxf3 20. Qxf3 Qxd4 21.
Qxb7 Nc2 22. Rab1 Nxa3 23. Qxa8 Rxa8 24. Rb8+ Qd8 25. Rxd8+ Rxd8 26. Rb7 Rc8 27.
Ra7 c5 28. Rxa5 c4 29. Rxa3 c3 0-1

[Event "AUTO-BEG-64"]
[Site "http://www.queenalice.com/game.php?id=230298"]
[Date "2007.6.25"]
[Round "2"]
[White "ERNESTOFONSECA10"]
[Black "mvson33"]
[Result "1-0"]
[WhiteElo "1822"]
[BlackElo "1763"]

1. e4 e5 2. Nf3 d6 3. c4 Nc6 4. g3 Bg4 5. d3 Be7 6. Bg2 Nf6 7. O-O O-O 8. h3 Bh5
9. Be3 Qd7 10. Kh2 Ne8 11. g4 Bg6 12. Nc3 Bf6 13. Nd5 h6 14. Qa4 a6 15. b4 Rd8
16. Rfc1 Nd4 17. Qxd7 Nxf3+ 18. Bxf3 Rxd7 19. b5 axb5 20. cxb5 Bh4 21. Rc2 Nf6
22. Rxc7 Rxc7 23. Nxc7 Rc8 24. Rc1 Kf8 25. Ne6+ Ke7 26. Rxc8 Kxe6 27. Rc7 Ne8
28. Rxb7 Nf6 29. a4 d5 30. Rb6+ 1-0

[Event "AUTO-BEG-64"]
[Site "http://www.queenalice.com/game.php?id=230299"]
[Date "2007.6.25"]
[Round "2"]
[White "nandolessa"]
[Black "ERNESTOFONSECA10"]
[Result "0-1"]
[WhiteElo "1707"]
[BlackElo "1883"]

1. e4 a5 2. Nf3 a4 3. d4 h5 4. Bc4 Nf6 5. e5 d5 6. exd6 cxd6 7. Ng5 d5 8. Bb5+
Bd7 9. Bxd7+ Qxd7 10. O-O e6 11. Re1 Bd6 12. a3 O-O 13. Nd2 Qc7 14. g3 h4 15.
Ndf3 hxg3 16. hxg3 Nc6 17. c3 Rfe8 18. Ne5 Nxe5 19. dxe5 Bxe5 20. Nf3 Bd6 21.
Nd4 Bxg3 22. fxg3 Qxg3+ 23. Kf1 Qh3+ 24. Kf2 Ne4+ 25. Ke2 Qg2+ 26. Ke3 Qg3+ 27.
Ke2 Qg4+ 28. Kf1 Qg3 29. Qf3 Qh2 30. Bf4 Qxb2 31. Ne2 e5 32. Bc1 Qxa1 33. Qd3
Qa2 34. c4 Qxc4 35. Qxc4 dxc4 0-1

[Event "AUTO-BEG-64"]
[Site "http://www.queenalice.com/game.php?id=230300"]
[Date "2007.6.25"]
[Round "2"]
[White "ERNESTOFONSECA10"]
[Black "nandolessa"]
[Result "1-0"]
[WhiteElo "1869"]
[BlackElo "1707"]

1. e4 e5 2. Nf3 Nc6 3. Bc4 Bc5 4. c3 d6 5. d4 exd4 6. cxd4 Bb4+ 7. Bd2 Bxd2+ 8.
Nbxd2 Bg4 9. Qb3 Qd7 10. Bxf7+ Qxf7 11. Qxb7 Rb8 12. Qxc6+ Bd7 13. Qc2 Nf6 14.
O-O O-O 15. b3 h6 16. Qxc7 Bb5 17. Qxf7+ Rxf7 18. Rfc1 Re7 19. e5 dxe5 20. dxe5
Ng4 21. Re1 Rbe8 22. h3 Nxe5 23. Nxe5 Rxe5 24. Nf3 Re2 25. Rxe2 Rxe2 26. Nd4 Re5
27. Nxb5 Rxb5 28. Kf1 Kf7 29. Rc1 a5 30. Rc4 h5 31. f4 Kf6 32. g4 hxg4 33. hxg4
g5 34. Rc6+ Kg7 35. fxg5 Rxg5 36. Ra6 Rxg4 37. Rxa5 Rb4 38. Ke2 Kf6 39. Kd3 Ke6
40. Kc3 Rh4 41. Rc5 Kd6 42. Rc4 Rh3+ 43. Kb4 Kd5 44. a4 Rd3 45. a5 Rd1 46. Kb5
1-0

[Event "AUTO-OPEN-449"]
[Site "http://www.queenalice.com/game.php?id=274117"]
[Date "2007.9.19"]
[Round "3"]
[White "Bergman"]
[Black "ERNESTOFONSECA10"]
[Result "1-0"]
[WhiteElo "2517"]
[BlackElo "1871"]

1. e4 e5 2. Qh5 d6 3. Bc4 Qd7 4. Nc3 Nc6 5. Nf3 Nf6 6. Qg5 Nd4 7. Nxd4 exd4 8.
Nb5 Nxe4 9. Qf4 Nf6 10. O-O c5 11. Na3 a6 12. Qg3 Qe7 13. d3 d5 14. Bb3 Be6 15.
Bg5 O-O-O 16. f4 h6 17. Qh4 Bf5 18. Rae1 Qd6 19. Bxf6 Qxf6 20. Qh5 g6 21. Qf3
Be6 22. Re5 Bd6 23. Bxd5 Bxe5 24. Bxb7+ Kb8 25. fxe5 Qxe5 26. Bxa6 1-0

[Event "AUTO-OPEN-449"]
[Site "http://www.queenalice.com/game.php?id=274118"]
[Date "2007.9.19"]
[Round "3"]
[White "ERNESTOFONSECA10"]
[Black "Bergman"]
[Result "0-1"]
[WhiteElo "1865"]
[BlackElo "2524"]

1. e4 e5 2. Nf3 f5 3. Nxe5 Nc6 4. Qh5+ g6 5. Nxg6 Nf6 6. Qh3 Rg8 7. Nxf8 Kxf8 8.
d3 Kf7 9. Qxf5 d5 10. Qf3 Bg4 11. Qf4 dxe4 12. h3 Bh5 13. c3 exd3 14. g4 Qd5 15.
f3 Ne5 16. Nd2 Rae8 17. Kf2 Bg6 18. g5 Re6 19. b4 h6 20. Rg1 hxg5 21. Rxg5 Qd6
0-1

[Event "AUTO-INT-419"]
[Site "http://www.queenalice.com/game.php?id=291120"]
[Date "2007.10.22"]
[Round "2"]
[White "jpzenitram"]
[Black "ERNESTOFONSECA10"]
[Result "1-0"]
[WhiteElo "1951"]
[BlackElo "1878"]

1. e4 e5 2. Nf3 Nc6 3. Nc3 Nf6 4. Bc4 Nxe4 5. Nxe4 d5 6. Bd3 dxe4 7. Bxe4 Ne7 8.
O-O f5 9. Qe2 fxe4 10. Qxe4 Bf5 11. Qxe5 Qd6 12. c3 Qxe5 13. Nxe5 c5 14. Re1 Rd8
15. a3 Rg8 16. b4 1-0

[Event "AUTO-INT-419"]
[Site "http://www.queenalice.com/game.php?id=291121"]
[Date "2007.10.22"]
[Round "2"]
[White "ERNESTOFONSECA10"]
[Black "jpzenitram"]
[Result "0-1"]
[WhiteElo "1892"]
[BlackElo "1937"]

1. e4 d6 2. d4 Nf6 3. Nc3 g6 4. Nf3 Bg7 5. Be2 O-O 6. O-O Bd7 7. h3 Qc8 8. Be3
c6 9. Qd2 e6 10. Nh2 b5 11. a3 a6 12. e5 dxe5 13. dxe5 Nd5 14. Ng4 Nxe3 15. Qxe3
a5 0-1